Business finance : a pictorial guide for managers

Main Author: Burns,Paul (Author)
Other Authors: Morris, Peter
Published: Oxford: Butterworth-Heinemann, 1994
Subjects:
LEADER 00887cam a2200253 7i4500
001 0000017931
005 20250122090000.0
008 250122t19941994enk# ### #00001engm#
020 # # |a 075061899X  
040 # # |a UMT   |b eng   |c UMT   |e rda 
090 0 0 |a HG 4026   |b .B8 1994 
100 1 # |a Burns,Paul   |e author  
245 1 0 |a Business finance :   |b a pictorial guide for managers   |c Paul Burns and Peter Morris. 
264 # 1 |a Oxford:   |b Butterworth-Heinemann,   |c 1994 
264 # 4 |c ♭1994 
300 # # |a 90 p.:   |b ill.;   |c 30 cm. 
336 # # |a text --   |2 rdacontent 
337 # # |a unmediated --   |2 rdamedia 
338 # # |a volume --   |2 rdacarrier 
590 # # |a Pusat Pengajian Perniagaan dan Pengurusan Maritim 
650 # 0 |a Business enterprises --   |x Finance --   |x Pictorial works  
650 # 0 |a Business enterprises --   |x Finance  
700 0 # |a Morris, Peter  
999 |a 1100003800  |b Book  |c Open Shelf  |e KOLEKSI TERBUKA